000 00503nam a2200181Ia 4500
003 GCL
008 140319s9999 xx 000 0 eng d
040 _aGCL /
_cGCL
082 0 4 _a150
_bW A
100 1 _aWALLACE, PATRICIA
245 1 0 _aAN INTRODUCTION TO PSYCHOLOGY 3 ED ED /
_cWALLACE, PATRICIA
700 1 _aGROLOSTEION, JEFFREY H
260 _a[S.N] :
_bW C B BROUN AND BENCHMSRK PUBBISHERS ،
_c1994
300 _a572 P
650 0 4 _aBIOLOGY
650 0 4 _aHUMAN BEHAVIOR
942 _2ddc
_cBK
999 _c16554
_d16554